000 00841nam a2200205 i 4500
001 68855
003 ES-MaACL
005 20250820124046.0
007 t|
008 960830s1829 fr ||||1| fre d
040 _aCAM
_bspa
_cCAM
100 1 _aGiroud, Henri.
_957310
245 1 0 _aTables de sinus naturels pour la levée des plans de mines et pour faciliter qualques opérations de trigonométrie calculées jusqu'a 100 mètres /
_cpar MM. Henri Giroud et Lesbros.
260 _aGrenoble :
_bchez Prudhomme libraire-éditeur ;
_aParis :
_bchez Bachelier libraire,
_c1829 (
_eGrenoble :
_fImprimerie de C.-P. Baratier)
300 _a150 p., [1] h. pleg. ;
_c22 cm.
650 7 _aTrigonometría
_2embne
_917647
700 1 _aLesbros, Joseph Aimé,
_d1790-1860
_9165488
852 _aES-MaACL
_jB-7982
999 _c68855
_d68855